000 00690nam a2200181 i 4500
001 154691
003 ES-MaACL
005 20230906205823.0
008 040709s1885 fr |||| | fre d
040 _aCAM
_bspa
_cCAM
100 1 _aGourdon, Maurice.
_9127500
245 1 0 _a[Quelques jours aux rives du Tech (Pyrénées-Orientales)/Maurice Gourdon].
260 _a[S.l. :
_bs.n.,
_cs.a.]
300 _a8 p. ;
_c25 cm.
594 _aTit. tomado de comienzo de texto y autor tomado de final de texto.
596 _aTexto fechado en 1885.
852 _aES-MaACL
_jT-904-F-1
_z-- Enc. hol.
_z-- Legado de Federico de Botella y de Hornos
_q-- Falto de la port.
_z-- Enc. en un vol. facticio
999 _c154691
_d154691